000
00343nas a2200157 a 4500
001
94248
003
174667
005
20201118113039.0
008
||||||n9999 ||| || ||
245
0
_a
Time - Vol.162 No.7
260
_a
Estados Unidos :
562
_e
1
773
_0
21966
_a
Time
942
_c
SISS
999
_c
94248
_d
94248